000 00700nam a2200241Ia 4500
003 OSt
005 20220918202610.0
006 a|||||r|||| 00| 0
007 ta
008 220917b |||||||| |||| 00| 0 eng d
024 _a102,456
037 _cTextual
040 _aARTS
_cARTS
_beng
041 _2eng
_aeng
082 _aV25213RG:71.N6, L6.4
100 _aNarain A K
245 0 _aExcavations at Rajghat (1957-1958; 1960-1965)
260 _aVaranasi
_bBanaras Hindu University
_c1978
650 _aHISTORY
700 _a Agarwala Prithvi Kumar
_958193
942 _hV25213RG:71.N6, L6.4
_cTEXL
_2CC
999 _c225910
_d225910